<?xml version="1.0" encoding="UTF-8"?>
<collection xmlns="http://www.loc.gov/MARC21/slim">
 <record>
  <leader>     na                 </leader>
  <controlfield tag="001">INLIS000000000014339</controlfield>
  <controlfield tag="005">20231130104546</controlfield>
  <datafield tag="035" ind1=" " ind2=" ">
   <subfield code="a">0010-1123000072</subfield>
  </datafield>
  <controlfield tag="001">INLIS000000000014338</controlfield>
  <controlfield tag="005">20231130104249</controlfield>
  <datafield tag="035" ind1=" " ind2=" ">
   <subfield code="a">0010-1123000071</subfield>
  </datafield>
  <datafield tag="245" ind1="1" ind2=" ">
   <subfield code="a">RISET KOMUNIKASI DAN BUDAYA :</subfield>
   <subfield code="b">Perspektif teoritik &amp; agenda riset</subfield>
  </datafield>
  <datafield tag="100" ind1="0" ind2=" ">
   <subfield code="a">Idi Subandy Ibrahim (Editor)</subfield>
  </datafield>
  <datafield tag="300" ind1=" " ind2=" ">
   <subfield code="a">xIix, 402 hlm.; 23 cm.</subfield>
  </datafield>
  <datafield tag="260" ind1=" " ind2=" ">
   <subfield code="a">Depok :</subfield>
   <subfield code="b">Rajawali Pers,</subfield>
   <subfield code="c">2021</subfield>
  </datafield>
  <datafield tag="082" ind1=" " ind2=" ">
   <subfield code="a">302.2</subfield>
  </datafield>
  <datafield tag="084" ind1=" " ind2=" ">
   <subfield code="a">302.2 IDI r</subfield>
  </datafield>
  <datafield tag="020" ind1=" " ind2=" ">
   <subfield code="a">978-623-372-032-8</subfield>
  </datafield>
  <datafield tag="650" ind1=" " ind2=" ">
   <subfield code="a">Komunikasi dalam budaya</subfield>
  </datafield>
  <datafield tag="520" ind1=" " ind2=" ">
   <subfield code="a">Bagaimana faktor-faktor budaya berpengaruh dalam transformasi masyarakat kontemporer? bagaimana perspektif budaya memberi warna dlam kajian komunikasi dan masyarakat mutakhir?&#13;
&#13;
   Inilah salah satu karya penting yang melihat budaya sebagai faktor dalam transformasi masyarakat di mana komunikasi memegang peran krusial didalamnya.</subfield>
  </datafield>
  <controlfield tag="008">231130                e          0 ind  </controlfield>
  <datafield tag="250" ind1=" " ind2=" ">
   <subfield code="a">Ed. 1, Cet. 1</subfield>
  </datafield>
  <datafield tag="700" ind1="0" ind2=" ">
   <subfield code="a">Bachruddin Ali Akhmad (Editor)</subfield>
  </datafield>
  <datafield tag="990" ind1=" " ind2=" ">
   <subfield code="a">023.2576/PC/2023</subfield>
  </datafield>
  <datafield tag="990" ind1=" " ind2=" ">
   <subfield code="a">023.2577/PC/2023</subfield>
  </datafield>
  <datafield tag="990" ind1=" " ind2=" ">
   <subfield code="a">023.2578/PC/2023</subfield>
  </datafield>
  <datafield tag="990" ind1=" " ind2=" ">
   <subfield code="a">023.2577/PC/2023</subfield>
  </datafield>
  <datafield tag="990" ind1=" " ind2=" ">
   <subfield code="a">023.2576/PC/2023</subfield>
  </datafield>
  <datafield tag="990" ind1=" " ind2=" ">
   <subfield code="a">023.2578/PC/2023</subfield>
  </datafield>
  <datafield tag="990" ind1=" " ind2=" ">
   <subfield code="a">023.2576/PC/2023</subfield>
  </datafield>
  <datafield tag="990" ind1=" " ind2=" ">
   <subfield code="a">023.2577/PC/2023</subfield>
  </datafield>
  <datafield tag="990" ind1=" " ind2=" ">
   <subfield code="a">023.2578/PC/2023</subfield>
  </datafield>
  <datafield tag="990" ind1=" " ind2=" ">
   <subfield code="a">023.2578/PC/2023</subfield>
  </datafield>
  <datafield tag="990" ind1=" " ind2=" ">
   <subfield code="a">023.2576/PC/2023</subfield>
  </datafield>
  <datafield tag="990" ind1=" " ind2=" ">
   <subfield code="a">023.2577/PC/2023</subfield>
  </datafield>
 </record>
</collection>
